Darłowo czy Sławno? - Statystyki

Ogólne statystyki
  • Ten quiz został rozwiązany 72 razy
  • Średni wynik to 9 z 15
Statystyki odpowiedzi
Zagadnienie Odpowiedź % Poprawnych
Występuje w grze PCD Oba
94%
Leży nad morzem Darłowo
89%
Częścią tego miasta to Darłówko Darłowo
83%
Jest siedzibą spółki DPP Darłowo
80%
W przyszłości będzie posiadać obwodnicę S6 Sławno
77%
Jest siedzibą powiatu Sławno
74%
Jest większe pod względem ludności Darłowo
57%
Ma na terenie wyspę na rzece Darłowo
57%
Posiada nieoficjalną dzielnice-Przylasek Sławno
54%
Ma więcej sklepów Biedronka Darłowo
51%
Jest węzłem kolejowym Sławno
51%
Leży przy drodze drogi krajowej nr. 37 Darłowo
43%
W przeszłości posiadał bezpośrednie połączenie kolejowe do Ustki przez Postomino Sławno
37%
Leży bliżej Koszalina {Od stacji do stacji kolejowej] Darłowo
34%
Jest większe pod względem powierzchni Sławno
26%
Nie znaleziono quizów pasujących do podanych kryteriów
Rozkład punktacji
Procent ludzi z każdym wynikiem
Percentyl według liczby udzielonych odpowiedzi
Twoja historia wyników
Nie rozwiązałeś tego quizu